[Event "GRENKE Chess Open 2019"]
[Site "Karlsruhe GER"]
[Date "2019.04.18"]
[EventDate "?"]
[Round "1.41"]
[Result "1-0"]
[White "D Gukesh"]
[Black "Carlos Dantas"]
[WhiteElo "2536"]
[BlackElo "2127"]
[PlyCount "82"]

1. Nf3 Nf6 2. g3 g6 3. Bg2 Bg7 4. O-O O-O 5. c4 d6 6. d4 Na6 7. Nc3 c5 8. b3 Bd7 9. Bb2 Rb8 10. h3 Bc6 11. e3 Nc7 12. Qc2 b5 13. dxc5 bxc4 14. cxd6 Qxd6 15. bxc4 Qb4 16. Rab1 Bxf3 17. Bxf3 Qxc4 18. Rfc1 Qe6 19. Ba3 h5 20. Ne2 Nb5 21. Rxb5 Rxb5 22. Nd4 Qb6 23. Nxb5 Qxb5 24. Bxe7 Rb8 25. Qc7 Ne8 26. Qxa7 Be5 27. Qc5 Qb2 28. Qc2 Qb5 29. Ba3 Nf6 30. Qc5 Qe8 31. Qe7 Qb5 32. Bc6 Qa5 33. Qc5 Qc7 34. Bf3 Qxc5 35. Rxc5 Bd6 36. Ra5 Rb1+ 37. Kg2 Bc7 38. Ra8+ Kg7 39. Bc5 Be5 40. a4 Bc3 41. a5 1-0

[Event "GRENKE Chess Open 2019"]
[Site "Karlsruhe GER"]
[Date "2019.04.19"]
[EventDate "?"]
[Round "3.30"]
[Result "1-0"]
[White "D Gukesh"]
[Black "Nicolo Napoli"]
[WhiteElo "2536"]
[BlackElo "2323"]
[PlyCount "50"]

1. Nf3 Nf6 2. g3 d5 3. Bg2 c6 4. O-O Bf5 5. d3 h6 6. c4 e6 7. cxd5 exd5 8. Nc3 Be7 9. Nd4 Bh7 10. e4 O-O 11. Re1 dxe4 12. dxe4 Na6 13. Be3 Bb4 14. f3 Re8 15. Qe2 Nc5 16. Qc4 Bxc3 17. Qxc3 Ne6 18. Rad1 Qc7 19. Nxe6 Rxe6 20. Bh3 Re5 21. Bd4 Rh5 22. Bf1 Ne8 23. Rd2 c5 24. g4 Rh4 25. Be5 1-0

[Event "GRENKE Chess Open 2019"]
[Site "Karlsruhe GER"]
[Date "2019.04.19"]
[EventDate "?"]
[Round "2.40"]
[Result "0-1"]
[White "Michail Petermann"]
[Black "D Gukesh"]
[WhiteElo "2251"]
[BlackElo "2536"]
[PlyCount "106"]

1. e4 c5 2. Nc3 Nc6 3. f4 g6 4. Nf3 Bg7 5. Bb5 Nd4 6. O-O a6 7. Bd3 d6 8. Nxd4 cxd4 9. Ne2 Nf6 10. c3 dxc3 11. dxc3 O-O 12. Kh1 b5 13. Ng1 Bb7 14. Qe2 Nd7 15. Be3 e5 16. a4 bxa4 17. Rxa4 exf4 18. Rxf4 Ne5 19. Bd4 d5 20. Bxe5 Bxe5 21. Rf1 Qd7 22. Rfa1 Rfe8 23. Qc2 Bc6 24. Rxa6 Rxa6 25. Rxa6 Bb8 26. e5 Rxe5 27. Nf3 Re3 28. Ra1 d4 29. cxd4 Qd6 30. Ne5 Rxe5 31. dxe5 Qxe5 32. Kg1 Qxh2+ 33. Kf2 Qxg2+ 34. Ke3 Qg3+ 35. Kd2 Qf4+ 36. Kc3 Be5+ 37. Kb3 Bd5+ 38. Bc4 Bxc4+ 39. Qxc4 Qxc4+ 40. Kxc4 Bxb2 41. Ra7 Kg7 42. Kd3 g5 43. Ke4 Kg6 44. Ra8 f5+ 45. Kf3 g4+ 46. Kf4 Bc1+ 47. Kg3 Kh5 48. Rg8 f4+ 49. Kg2 Kh4 50. Rg7 h5 51. Rg8 Be3 52. Rf8 f3+ 53. Kh2 g3+ 0-1

[Event "GRENKE Chess Open 2019"]
[Site "Karlsruhe GER"]
[Date "2019.04.20"]
[EventDate "?"]
[Round "4.20"]
[Result "0-1"]
[White "Philippe Linster"]
[Black "D Gukesh"]
[WhiteElo "2294"]
[BlackElo "2536"]
[PlyCount "98"]

1. c4 g6 2. g3 Bg7 3. d4 Nf6 4. Bg2 O-O 5. Nc3 d6 6. Nf3 Nbd7 7. O-O e5 8. e4 exd4 9. Nxd4 Re8 10. h3 a6 11. Re1 Rb8 12. a4 a5 13. Ndb5 b6 14. Bf4 Bb7 15. Nxc7 Qxc7 16. Nb5 Qc6 17. Nxd6 Ba8 18. Nxe8 Rxe8 19. Qd6 Qxc4 20. Rac1 Qe6 21. Qxe6 fxe6 22. Bd6 Bf8 23. Bxf8 Kxf8 24. Rc7 Nc5 25. e5 Nfd7 26. f4 Ke7 27. Rd1 Bxg2 28. Kxg2 Ra8 29. Rd4 h6 30. Kf3 Kd8 31. Rc6 Rb8 32. g4 Ke7 33. Rc7 b5 34. axb5 Rxb5 35. Rd2 Rb3+ 36. Kg2 Nd3 37. Kf1 g5 38. fxg5 hxg5 39. Ra7 Nxe5 40. Rc2 Rxh3 41. Rxa5 Nxg4 42. Rc7 Ne3+ 43. Kg1 Nd5 44. Rb7 Rd3 45. b4 g4 46. b5 g3 47. b6 Nf4 48. Ra1 Rd2 49. Rba7 Nh3+ 0-1

[Event "GRENKE Chess Open 2019"]
[Site "Karlsruhe GER"]
[Date "2019.04.20"]
[EventDate "?"]
[Round "5.3"]
[Result "1/2-1/2"]
[White "D Gukesh"]
[Black "Daniel Fridman"]
[WhiteElo "2536"]
[BlackElo "2629"]
[PlyCount "50"]

1. Nf3 d5 2. g3 Nf6 3. Bg2 c5 4. O-O Nc6 5. d4 e6 6. c4 dxc4 7. dxc5 Qxd1 8. Rxd1 Bxc5 9. Nbd2 c3 10. bxc3 O-O 11. Nb3 Be7 12. c4 Bd7 13. Bb2 Rfd8 14. Ne5 Rac8 15. Rd3 Nxe5 16. Bxe5 Ng4 17. Bd6 Bxd6 18. Rxd6 Rxc4 19. Rad1 Rc7 20. Na5 Nf6 21. Bxb7 Rb8 22. Bc6 Be8 23. Bxe8 Nxe8 24. Rc6 Rbc8 25. Rxc7 1/2-1/2

[Event "GRENKE Chess Open 2019"]
[Site "Karlsruhe GER"]
[Date "2019.04.21"]
[EventDate "?"]
[Round "6.3"]
[Result "1/2-1/2"]
[White "Maksim Chigaev"]
[Black "D Gukesh"]
[WhiteElo "2634"]
[BlackElo "2536"]
[PlyCount "50"]

1. e4 c5 2. Nf3 Nc6 3. Bb5 g6 4. Bxc6 dxc6 5. d3 Bg7 6. h3 Nf6 7. Nc3 Nd7 8. Be3 e5 9. Qd2 h6 10. O-O b6 11. Nh2 Nf8 12. f4 exf4 13. Bxf4 Ne6 14. Be3 Nd4 15. Nd1 Be6 16. c3 Nb5 17. Nf2 Qd7 18. a4 Nd6 19. a5 Rd8 20. axb6 axb6 21. Qe2 O-O 22. Nfg4 Bxg4 23. hxg4 Qe6 24. Rae1 Rd7 25. Bf4 1/2-1/2

[Event "GRENKE Chess Open 2019"]
[Site "Karlsruhe GER"]
[Date "2019.04.21"]
[EventDate "?"]
[Round "7.18"]
[Result "1-0"]
[White "D Gukesh"]
[Black "Bjorn Ahlander"]
[WhiteElo "2536"]
[BlackElo "2410"]
[PlyCount "116"]

1. e4 c5 2. Nf3 d6 3. d4 cxd4 4. Nxd4 Nf6 5. Nc3 a6 6. g3 e5 7. Nde2 Be7 8. Bg2 O-O 9. O-O b5 10. a4 b4 11. Nd5 Nxd5 12. Qxd5 Ra7 13. Be3 Be6 14. Qd2 Rb7 15. f4 f6 16. f5 Bf7 17. g4 Nc6 18. b3 Rd7 19. c4 bxc3 20. Qxc3 Na5 21. b4 Nc4 22. Bf2 d5 23. exd5 Nb6 24. Qc6 Nxd5 25. Qxa6 Nxb4 26. Qb5 Rd2 27. Be1 Rb2 28. Bc3 Rb3 29. Rfd1 Qc8 30. Qd7 Qc5+ 31. Kh1 Nc2 32. Rac1 Ne3 33. Bd4 Qb4 34. Bxe3 Rxe3 35. Ng3 h5 36. Rb1 Rb3 37. Rxb3 Qxb3 38. Rf1 Qb4 39. gxh5 Rd8 40. Qb7 Qa3 41. a5 Bc4 42. Rg1 Kf8 43. Qc6 Qd3 44. Be4 Qb3 45. a6 Bd5 46. Bxd5 Rxd5 47. Qc8+ Rd8 48. Qb7 Qa3 49. h6 gxh6 50. Nh5 e4 51. Qxe4 Qxa6 52. Nf4 Ke8 53. Ne6 Rc8 54. Rg8+ Kd7 55. Qd5+ Bd6 56. Rg7+ Ke8 57. Nc7+ Rxc7 58. Qe6+ 1-0

[Event "GRENKE Chess Open 2019"]
[Site "Karlsruhe GER"]
[Date "2019.04.22"]
[EventDate "?"]
[Round "8.5"]
[Result "1/2-1/2"]
[White "D Gukesh"]
[Black "Matthias Bluebaum"]
[WhiteElo "2536"]
[BlackElo "2610"]
[PlyCount "42"]

1. e4 e6 2. d4 d5 3. Nd2 c5 4. exd5 Qxd5 5. Ngf3 cxd4 6. Bc4 Qd6 7. O-O Nf6 8. Nb3 Nc6 9. Nbxd4 Nxd4 10. Nxd4 Be7 11. c3 O-O 12. Qf3 Qc7 13. Bb3 a5 14. Bg5 a4 15. Bc2 Ra5 16. Bh4 Bd7 17. Rad1 Rd8 18. Rfe1 Be8 19. Be4 Nxe4 20. Bxe7 Qxe7 21. Rxe4 1/2-1/2

[Event "GRENKE Chess Open 2019"]
[Site "Karlsruhe GER"]
[Date "2019.04.22"]
[EventDate "?"]
[Round "9.8"]
[Result "0-1"]
[White "Marin Bosiocic"]
[Black "D Gukesh"]
[WhiteElo "2613"]
[BlackElo "2536"]
[PlyCount "86"]

1. d4 Nf6 2. c4 g6 3. Nc3 Bg7 4. e4 d6 5. h3 O-O 6. Be3 Na6 7. g4 e5 8. d5 Nc5 9. f3 c6 10. Qd2 cxd5 11. cxd5 Bd7 12. b4 Na4 13. Nxa4 Bxa4 14. Ne2 a5 15. bxa5 Qxa5 16. Qxa5 Rxa5 17. Nc3 Bd7 18. a4 Rc8 19. Ra3 Be8 20. Rh2 Nd7 21. Bb5 Raa8 22. Rb2 Rc7 23. Kd2 Rac8 24. Rab3 f5 25. Bxd7 Bxd7 26. Rxb7 f4 27. Ba7 Rxc3 28. Rxd7 Rxf3 29. Rxd6 Ra3 30. Rdb6 Rxa4 31. Rb8 Rxb8 32. Rxb8+ Kf7 33. Rb7+ Kg8 34. d6 Bf6 35. d7 Ra2+ 36. Kc3 f3 37. Bc5 f2 38. Rb1 Kf7 39. Bb6 Ra3+ 40. Kc4 Ra4+ 41. Kd5 Rb4 42. Rf1 Rxb6 43. Rxf2 Ke7 0-1

[Event "TCh-FRA Top 12 2019"]
[Site "Brest FRA"]
[Date "2019.05.18"]
[EventDate "?"]
[Round "1.5"]
[Result "1/2-1/2"]
[White "D Gukesh"]
[Black "Van Wely, Loek"]
[WhiteElo "2533"]
[BlackElo "2600"]
[PlyCount "76"]

1. c4 e5 2. Nc3 Nf6 3. g3 Bb4 4. e4 O-O 5. Bg2 Bxc3 6. dxc3 d6 7. f3 a6 8. a4 Be6 9. b3 Nbd7 10. Nh3 h6 11. a5 b5 12. axb6 Nxb6 13. O-O a5 14. Nf2 a4 15. bxa4 Bxc4 16. Re1 Bb5 17. a5 Nc4 18. f4 Rxa5 19. Rxa5 Nxa5 20. f5 c6 21. g4 Nh7 22. Re3 Nc4 23. Rg3 Qb6 24. g5 hxg5 25. Bxg5 Nxg5 26. Rxg5 f6 27. Rg3 Ra8 28. Qh5 Ne3 29. Rxg7+ Kxg7 30. Qg6+ Kf8 31. Qxf6+ Ke8 32. Qh8+ Kd7 33. Qxa8 Ng4 34. Qa2 Qe3 35. Bf1 Qe1 36. Qa7+ Kc8 37. Qa8+ Kc7 38. Qa7+ 1/2-1/2

[Event "TCh-FRA Top 12 2019"]
[Site "Brest FRA"]
[Date "2019.05.21"]
[EventDate "?"]
[Round "4.6"]
[Result "1-0"]
[White "Nihal Sarin"]
[Black "D Gukesh"]
[WhiteElo "2598"]
[BlackElo "2533"]
[PlyCount "72"]

1. d4 Nf6 2. c4 g6 3. Nc3 Bg7 4. e4 d6 5. h3 O-O 6. Be3 Na6 7. g4 e5 8. d5 c6 9.  Nge2 cxd5 10. cxd5 b5 11. Ng3 b4 12. Nb5 Nc5 13. Qc2 Ncxe4 14. Nxe4 Nxd5 15.  Nbxd6 Nxe3 16. fxe3 Qh4+ 17. Qf2 Qe7 18. Bc4 Be6 19. Bxe6 Qxe6 20. O-O Rad8 21.  Nb7 Rd5 22. Rad1 f5 23. Nec5 Qc6 24. Rxd5 Qxd5 25. gxf5 gxf5 26. Qc2 Bh6 27. e4  Qc6 28. Qb3+ Kh8 29. Qe6 Rg8+ 30. Kh1 Qb5 31. Qxf5 Qe2 32. Qf6+ Bg7 33. Qf3 Qxb2  34. Nd6 Rf8 35. Nf7+ Kg8 36. Ne6 1-0

[Event "TCh-FRA Top 12 2019"]
[Site "Brest FRA"]
[Date "2019.05.22"]
[EventDate "?"]
[Round "5.2"]
[Result "1/2-1/2"]
[White "D Gukesh"]
[Black "Hrvoje Stevic"]
[WhiteElo "2533"]
[BlackElo "2580"]
[PlyCount "66"]

1. c4 e5 2. Nc3 Nc6 3. g3 g6 4. Bg2 Bg7 5. d3 d6 6. e4 Nge7 7. Nge2 O-O 8. O-O  Be6 9. Nd5 f5 10. Be3 Qd7 11. Qd2 Rae8 12. Rae1 Nc8 13. f4 Nd4 14. fxe5 Nxe2+  15. Rxe2 dxe5 16. exf5 Bxf5 17. Ref2 c6 18. Nc3 b6 19. b4 Nd6 20. c5 bxc5 21.  Bxc5 Be6 22. Rxf8+ Rxf8 23. Rxf8+ Bxf8 24. Qf2 Bf5 25. d4 exd4 26. Qxd4 Nb5 27.  Nxb5 cxb5 28. Qxd7 Bxc5+ 29. bxc5 Bxd7 30. Kf2 Kf7 31. Ke3 Ke7 32. Kd4 Be8 33.  Bd5 1/2-1/2

[Event "TCh-FRA Top 12 2019"]
[Site "Brest FRA"]
[Date "2019.05.24"]
[EventDate "?"]
[Round "7.4"]
[Result "1/2-1/2"]
[White "Etienne Bacrot"]
[Black "D Gukesh"]
[WhiteElo "2678"]
[BlackElo "2533"]
[PlyCount "40"]

1. c4 c6 2. Nf3 Nf6 3. b3 d5 4. Bb2 e6 5. g3 Bd6 6. Bg2 O-O 7. O-O Nbd7 8. Nc3  e5 9. cxd5 cxd5 10. Nb5 Bb8 11. Ba3 Re8 12. Nd6 Bxd6 13. Bxd6 Qb6 14. Ba3 e4 15.  Ne1 Ne5 16. d4 exd3 17. Nxd3 Bg4 18. Nf4 d4 19. Re1 Rad8 20. Qd2 Bf5 1/2-1/2

[Event "TCh-FRA Top 12 2019"]
[Site "Brest FRA"]
[Date "2019.05.26"]
[EventDate "?"]
[Round "9.1"]
[Result "1/2-1/2"]
[White "D Gukesh"]
[Black "Eltaj Safarli"]
[WhiteElo "2533"]
[BlackElo "2624"]
[PlyCount "152"]

1. c4 Nf6 2. Nf3 g6 3. g3 d5 4. cxd5 Nxd5 5. Bg2 Bg7 6. d4 Nb6 7. Nc3 Nc6 8. e3  O-O 9. O-O Re8 10. Re1 a5 11. Ng5 e5 12. d5 Nb4 13. e4 c6 14. a3 Na6 15. dxc6  Qxd1 16. Rxd1 bxc6 17. Bf1 h6 18. Be3 Rb8 19. Nf3 Bf8 20. Nxe5 Rxe5 21. Rd8 Nc7  22. Bxb6 Ne6 23. Ba7 Ra8 24. Re8 Rxa7 25. Rxc8 Rb7 26. f4 Rc5 27. Rd1 Kg7 28.  Na4 Rc2 29. Bd3 Rcxb2 30. Nxb2 Rxb2 31. Bc4 Nd4 32. Rxd4 Bc5 33. Kf1 Bxd4 34.  Rc7 Rc2 35. Bxf7 Rf2+ 36. Ke1 Rxh2 37. Bc4+ Kf8 38. Rxc6 Rc2 39. e5 Rc3 40. Rf6+  Ke7 41. Rf7+ Ke8 42. Rc7 Kd8 43. Rc6 Ke7 44. e6 Rxg3 45. Kd1 Bf6 46. Ke2 Bd4 47.  Rc7+ Kd6 48. Rd7+ Kc5 49. Bd5 Rxa3 50. e7 Re3+ 51. Kd2 Rxe7 52. Rxe7 Kxd5 53.  Kd3 Bf6 54. Ra7 Ke6 55. Rxa5 h5 56. Ke4 Kf7 57. Ra7+ Ke6 58. Ra6+ Kf7 59. Kd5  Bc3 60. Rc6 Bb2 61. Ke4 Bf6 62. Rc7+ Ke6 63. Rb7 Bc3 64. Rb6+ Kf7 65. f5 gxf5+  66. Kxf5 Ke7 67. Rh6 Bd2 68. Rxh5 Kd6 69. Ke4 Kc6 70. Kd4 Bf4 71. Rf5 Bh2 72.  Rf6+ Kb7 73. Kc5 Bg1+ 74. Kb5 Kc7 75. Rh6 Be3 76. Rc6+ Kd7 1/2-1/2

[Event "TCh-FRA Top 12 2019"]
[Site "Brest FRA"]
[Date "2019.05.28"]
[EventDate "?"]
[Round "11.5"]
[Result "1/2-1/2"]
[White "Pia Cramling"]
[Black "D Gukesh"]
[WhiteElo "2454"]
[BlackElo "2533"]
[PlyCount "46"]

1. d4 Nf6 2. c4 g6 3. Nc3 Bg7 4. e4 d6 5. h3 O-O 6. Be3 Na6 7. Nf3 c5 8. Be2  cxd4 9. Nxd4 Nc5 10. Qc2 b6 11. O-O Bb7 12. Bf3 Rc8 13. Rad1 Qc7 14. b3 Qb8 15.  Qb1 Rfe8 16. Rfe1 a6 17. a4 e6 18. Nde2 Bc6 19. Bf4 Red8 20. Nd4 Bb7 21. Bg3  Ncd7 22. Be2 Qa8 23. Bf1 Ne5 1/2-1/2

[Event "White Rook RUS-IND Boys"]
[Site "Sochi RUS"]
[Date "2019.06.02"]
[EventDate "?"]
[Round "1.1"]
[Result "1/2-1/2"]
[White "D Gukesh"]
[Black "Volodar Murzin"]
[WhiteElo "2543"]
[BlackElo "2418"]
[PlyCount "70"]

1. e4 c6 2. Nf3 d5 3. exd5 cxd5 4. Ne5 Nc6 5. d4 Qb6 6. Nc3 e6 7. Bb5 Ne7 8. Qh5  Ng6 9. Nxg6 fxg6 10. Qe5 Qxb5 11. Nxb5 Nxe5 12. dxe5 Kf7 13. Be3 Bd7 14. Nd4 Be7  15. h4 b5 16. Kd2 Rac8 17. Rh3 Rc4 18. g4 Rhc8 19. a3 a5 20. f4 b4 21. axb4  Bxb4+ 22. Kd1 a4 23. c3 Be7 24. Bd2 Bc5 25. Rd3 Bxd4 26. Rxd4 Rxd4 27. cxd4 h5  28. g5 Bb5 29. Bc3 Bc4 30. Kd2 Bb3 31. Rc1 Rc4 32. Kd3 Rc6 33. Kd2 Rc4 34. Kd3  Rc6 35. Kd2 1/2-1/2

[Event "White Rook RUS-IND Boys"]
[Site "Sochi RUS"]
[Date "2019.06.03"]
[EventDate "?"]
[Round "2.2"]
[Result "1-0"]
[White "Andrey Tsvetkov"]
[Black "D Gukesh"]
[WhiteElo "2323"]
[BlackElo "2543"]
[PlyCount "104"]

1. d4 Nf6 2. c4 e6 3. Nc3 Bb4 4. f3 d5 5. a3 Be7 6. e4 dxc4 7. Be3 a6 8. Bxc4 b5 9. Bd3 Bb7 10. Nge2 Nbd7 11. b4 c6 12. Qc2 e5 13. Rd1 Qc8 14. O-O exd4 15. Nxd4 g6 16. Nb3 O-O 17. Qf2 Qc7 18. Rc1 Rac8 19. Rfd1 Rfd8 20. Be2 Qb8 21. f4 Bf8 22. e5 Nd5 23. Nxd5 cxd5 24. Na5 Rxc1 25. Rxc1 Rc8 26. Nxb7 Rxc1+ 27. Bxc1 Qxb7 28. Bf3 Qc7 29. Bb2 Nb6 30. Qd4 Nc4 31. Bc3 Qb6 32. Qxb6 Nxb6 33. Kf2 Be7 34. Ke3 Kf8 35. Kd4 Nc4 36. Bxd5 Nxa3 37. Kd3 Ke8 38. g4 Nb1 39. Be1 Na3 40. Bc3 Nb1 41. Be1 Na3 42. f5 Bg5 43. Bc3 Be7 44. f6 Bf8 45. g5 Nb1 46. Be1 Na3 47. h4 h5 48. Ba2 Nc4 49. Bxc4 bxc4+ 50. Kxc4 Kd8 51. Bf2 Kd7 52. Bc5 1-0

[Event "White Rook RUS-IND Boys"]
[Site "Sochi RUS"]
[Date "2019.06.04"]
[EventDate "?"]
[Round "3.2"]
[Result "1-0"]
[White "D Gukesh"]
[Black "Andrey Tsvetkov"]
[WhiteElo "2543"]
[BlackElo "2323"]
[PlyCount "72"]

1. c4 c6 2. Nf3 d5 3. b3 Bg4 4. e3 Nf6 5. Bb2 e6 6. h3 Bh5 7. Be2 Nbd7 8. O-O Be7 9. d4 O-O 10. Nbd2 Qb8 11. a3 b5 12. c5 Qc7 13. b4 Rfd8 14. Nb3 Ne4 15. Qc2 f5 16. a4 a6 17. Ra2 f4 18. exf4 Qxf4 19. Bc1 Qf7 20. Be3 Rac8 21. axb5 axb5 22. Ra7 Bg6 23. Bd3 Qf8 24. Na5 Bf6 25. Bf4 e5 26. dxe5 Be7 27. Bh2 Ndxc5 28. bxc5 Bxc5 29. Rb7 Nxf2 30. Bxg6 Ne4+ 31. Kh1 hxg6 32. Nb3 Qf5 33. Qb2 Be3 34. g4 Qf8 35. e6 Re8 36. Rf7 1-0

[Event "White Rook RUS-IND Boys"]
[Site "Sochi RUS"]
[Date "2019.06.05"]
[EventDate "?"]
[Round "4.1"]
[Result "0-1"]
[White "Volodar Murzin"]
[Black "D Gukesh"]
[WhiteElo "2418"]
[BlackElo "2543"]
[PlyCount "94"]

1. e4 c5 2. Nf3 Nc6 3. Bb5 g6 4. Bxc6 dxc6 5. d3 Bg7 6. O-O Nf6 7. Re1 O-O 8. h3 Ne8 9. a4 Nc7 10. e5 Be6 11. Nbd2 Bd5 12. b3 Ne6 13. Ne4 Qc7 14. Bb2 Rfd8 15. Qc1 h6 16. Qe3 b6 17. c4 Bxe4 18. Qxe4 Rd7 19. Rad1 Rb8 20. Bc3 b5 21. Qe3 Qb7 22. Nd2 Qc7 23. Kh1 Rbd8 24. Nf3 bxc4 25. bxc4 Qb6 26. Qc1 Rxd3 27. Qc2 Rxd1 28. Rxd1 Nd4 29. Bxd4 cxd4 30. e6 f5 31. g4 c5 32. gxf5 Qc6 33. Kg2 Rf8 34. Rd3 gxf5 35. Kf1 Qxe6 36. Nh4 Qf6 37. Ng2 e5 38. Rg3 Rb8 39. Kg1 Kh8 40. Qd1 f4 41. Rg4 Qf5 42. Qf3 Rb1+ 43. Kh2 e4 44. Nh4 exf3 45. Nxf5 d3 46. Rxg7 d2 47. Rd7 d1=Q 0-1

[Event "White Rook RUS-IND Boys"]
[Site "Sochi RUS"]
[Date "2019.06.06"]
[EventDate "?"]
[Round "5.1"]
[Result "1/2-1/2"]
[White "D Gukesh"]
[Black "Volodar Murzin"]
[WhiteElo "2543"]
[BlackElo "2418"]
[PlyCount "114"]

1. e4 c6 2. d4 d5 3. Nc3 dxe4 4. Nxe4 Bf5 5. Ng3 Bg6 6. Bc4 Nf6 7. N1e2 Nbd7 8. O-O e6 9. f4 Bd6 10. f5 exf5 11. Nxf5 Bxf5 12. Rxf5 O-O 13. Ng3 Bxg3 14. hxg3 Ne4 15. Bd3 Ndf6 16. c3 Re8 17. Bf4 g6 18. Re5 Rxe5 19. Bxe5 Ng5 20. Qe2 Nd7 21. Bd6 Qe8 22. Be7 Ne6 23. Ba3 Rd8 24. Re1 Nb6 25. Bc2 Qd7 26. Bb3 Re8 27. Qf2 a5 28. Qf1 Nd5 29. Re5 Nec7 30. Qe1 f6 31. Rxe8+ Qxe8 32. Qxe8+ Nxe8 33. Bc5 Kg7 34. c4 Nb4 35. Bb6 Nd3 36. d5 cxd5 37. cxd5 Nxb2 38. Bxa5 Nd6 39. Bb4 Nbc4 40. Kf2 Kf7 41. Ke2 Ke8 42. Kd3 Ne5+ 43. Ke2 Kd7 44. a4 Nf5 45. Kd2 Nxg3 46. a5 Ne4+ 47. Ke3 Nd6 48. Ba4+ Kc7 49. Be1 h5 50. Bc2 g5 51. g3 f5 52. Bd1 g4 53. Bc3 Ng6 54. Bc2 h4 55. gxh4 f4+ 56. Ke2 Nxh4 57. Be5 Nf3 1/2-1/2

[Event "White Rook RUS-IND Boys"]
[Site "Sochi RUS"]
[Date "2019.06.09"]
[EventDate "?"]
[Round "8.1"]
[Result "1-0"]
[White "Volodar Murzin"]
[Black "D Gukesh"]
[WhiteElo "2418"]
[BlackElo "2543"]
[PlyCount "122"]

1. e4 c5 2. Nf3 Nc6 3. d4 cxd4 4. Nxd4 Nf6 5. Nc3 e5 6. Ndb5 d6 7. Bg5 a6 8. Na3 b5 9. Nd5 Be7 10. Bxf6 Bxf6 11. c4 b4 12. Nc2 O-O 13. g3 Rb8 14. b3 Be6 15. Bg2 Bxd5 16. Qxd5 Nd4 17. Nxd4 exd4 18. O-O Qb6 19. Qf5 Rbc8 20. Rad1 Rc5 21. Qf3 a5 22. h4 a4 23. h5 Be5 24. Rd3 axb3 25. axb3 Ra5 26. Qg4 Qc7 27. Qe2 Qa7 28. Qe1 Qc5 29. h6 g6 30. f4 Bh8 31. e5 dxe5 32. Bd5 e4 33. Qxe4 Bf6 34. g4 Qc8 35. Qg2 Re8 36. g5 Qf5 37. Rd2 Bd8 38. Re2 Re3 39. Be4 Qe6 40. Rxe3 dxe3 41. Kh1 e2 42. Re1 Bc7 43. Bd5 Qe3 44. Qxe2 Qxe2 45. Rxe2 Kf8 46. Bc6 f6 47. Re8+ Kf7 48. Rh8 Bxf4 49. Bd5+ Ke7 50. Rxh7+ Kd6 51. gxf6 Be5 52. Re7 Ra1+ 53. Kg2 Ra2+ 54. Kf3 Bd4 55. h7 Rh2 56. Re8 Rxh7 57. f7 Bg7 58. f8=Q+ Bxf8 59. Rxf8 Rh3+ 60. Ke4 Rh4+ 61. Rf4 1-0

[Event "2nd Goa Open 2019"]
[Site "Taleigao IND"]
[Date "2019.06.19"]
[EventDate "?"]
[Round "2.14"]
[Result "1-0"]
[White "Ponnuswamy Konguvel"]
[Black "D Gukesh"]
[WhiteElo "2293"]
[BlackElo "2543"]
[PlyCount "130"]

1. e4 g6 2. d4 Bg7 3. Nf3 d6 4. c3 Nf6 5. Bd3 O-O 6. O-O Nc6 7. d5 Nb8 8. c4 e5 9. Nc3 Nh5 10. Re1 Nd7 11. Bg5 Bf6 12. Bh6 Ng7 13. b4 Be7 14. Qc2 Nf6 15. h3 Nfh5 16. c5 f5 17. Bc4 Kh8 18. c6 b6 19. a4 a5 20. bxa5 Rxa5 21. Nb5 g5 22. exf5 Bxf5 23. Bd3 Bxh3 24. gxh3 Rxf3 25. Re3 Rf6 26. Bxg7+ Kxg7 27. Bxh7 Nf4 28. Be4 Rh6 29. Raa3 Bf6 30. Rg3 Qe7 31. Qd1 Rh4 32. Qf3 Ra8 33. Nc3 Qf7 34. Nd1 Rah8 35. Ne3 Rxh3 36. Nf5+ Kf8 37. Rxh3 Rxh3 38. Qxh3 Nxh3+ 39. Rxh3 g4 40. Rh6 Kg8 41. Ne3 g3 42. fxg3 Bg5 43. Ng4 Qe7 44. Re6 Qd8 45. Kg2 Kf8 46. Bg6 Qa8 47. Re8+ Qxe8 48. Bxe8 Kxe8 49. Kf3 Kf7 50. Nf2 Kg6 51. Ne4 Bd8 52. Kg4 Be7 53. Kf3 Bd8 54. g4 Be7 55. Ke2 Kf7 56. Kd3 Ke8 57. Kc4 Kd8 58. Kb5 Bf8 59. g5 Bg7 60. g6 Bf8 61. Nxd6 cxd6 62. Kxb6 Kc8 63. a5 Bh6 64. a6 Be3+ 65. Kb5 1-0

[Event "2nd Goa Open 2019"]
[Site "Taleigao IND"]
[Date "2019.06.21"]
[EventDate "?"]
[Round "5.14"]
[Result "0-1"]
[White "D Gukesh"]
[Black "Sankalp Gupta"]
[WhiteElo "2543"]
[BlackElo "2359"]
[PlyCount "70"]

1. e4 e6 2. d3 d5 3. Nd2 Nf6 4. Ngf3 Nc6 5. c3 Bd6 6. Qc2 e5 7. exd5 Nxd5 8. g3 Bf5 9. Bg2 Qd7 10. O-O f6 11. b4 Nde7 12. Re1 Ng6 13. Ne4 O-O 14. Nfd2 Rad8 15. b5 Nce7 16. a4 Bh3 17. Bh1 h6 18. d4 f5 19. dxe5 Nxe5 20. Nxd6 cxd6 21. c4 f4 22. Bb2 N7g6 23. Bd5+ Kh8 24. Qc3 Rf5 25. Nf3 Rdf8 26. Nxe5 Nxe5 27. Qd2 fxg3 28. fxg3 Rf2 29. Qc1 Ng4 30. Bd4 Rxh2 31. Re6 Bg2 32. Rg6 Bxd5 33. cxd5 Qf5 34. Qf4 Rh1+ 35. Kxh1 Qh5+ 0-1

[Event "2nd Goa Open 2019"]
[Site "Taleigao IND"]
[Date "2019.06.22"]
[EventDate "?"]
[Round "7.17"]
[Result "1-0"]
[White "D Gukesh"]
[Black "Mohapatra Sidhant"]
[WhiteElo "2543"]
[BlackElo "2351"]
[PlyCount "92"]

1. c4 c5 2. g3 g6 3. Bg2 Bg7 4. Nc3 Nc6 5. Nf3 e6 6. d3 Nge7 7. Bd2 d5 8. Qc1 O-O 9. h4 h5 10. Bh6 d4 11. Bxg7 Kxg7 12. Ne4 e5 13. a3 b6 14. b4 Bf5 15. Ned2 Qd6 16. bxc5 bxc5 17. O-O Rab8 18. Qc2 Qc7 19. Rfb1 Na5 20. Ng5 Bd7 21. Bd5 Nxd5 22. cxd5 Bg4 23. Nde4 c4 24. Rb4 c3 25. e3 f6 26. Ne6+ Bxe6 27. dxe6 Nc6 28. Rc4 Qb6 29. Qa4 Rfc8 30. exd4 exd4 31. Nd6 Rc7 32. e7 Nxe7 33. Ne8+ Rxe8 34. Qxe8 Nf5 35. Rb4 Qc6 36. Qxc6 Rxc6 37. Rb7+ Kh6 38. Rxa7 Rb6 39. Rc7 Rb2 40. a4 Nd6 41. Re1 Rd2 42. Ree7 g5 43. Re6 gxh4 44. gxh4 Kg6 45. Rxd6 Rxd3 46. Rc4 1-0

[Event "2nd Goa Open 2019"]
[Site "Taleigao IND"]
[Date "2019.06.24"]
[EventDate "?"]
[Round "9.12"]
[Result "1-0"]
[White "D Gukesh"]
[Black "Chatterjee Koustav"]
[WhiteElo "2543"]
[BlackElo "2404"]
[PlyCount "96"]

1. c4 c5 2. Nc3 Nc6 3. Nf3 g6 4. e3 Nf6 5. d4 cxd4 6. Nxd4 Bg7 7. g3 d6 8. Bg2 Bd7 9. O-O h5 10. h4 Qc8 11. Re1 O-O 12. b3 Bg4 13. Qd2 Rd8 14. Bb2 a6 15. Rac1 e5 16. Nf3 Bxf3 17. Bxf3 Qf5 18. Bg2 e4 19. Rcd1 Ne5 20. Nd5 Nxd5 21. Qxd5 Nd3 22. Rxd3 exd3 23. Qxf5 gxf5 24. Bxg7 Kxg7 25. Bxb7 Rab8 26. Bf3 a5 27. Rd1 a4 28. Rxd3 axb3 29. axb3 Kg6 30. Kg2 f6 31. Kf1 Rdc8 32. Bd1 Rb6 33. Ke2 Ra8 34. Bc2 Ra2 35. Kd2 Ra5 36. Kc3 Kf7 37. Rd5 Rxd5 38. cxd5 f4 39. exf4 Ke7 40. b4 Ra6 41. Kb2 Kd8 42. f3 Ra7 43. g4 Rg7 44. gxh5 Rg3 45. h6 Rh3 46. h7 Rxh4 47. Kc3 Kc7 48. Bg6 1-0

[Event "Najdorf Memorial Open A"]
[Site "Warsaw POL"]
[Date "2019.07.06"]
[EventDate "2019.07.06"]
[Round "1.15"]
[Result "1-0"]
[White "D Gukesh"]
[Black "Krzysztof Budrewicz"]
[WhiteElo "2520"]
[BlackElo "2188"]
[PlyCount "77"]

1. Nf3 Nf6 2. g3 g6 3. Bg2 Bg7 4. O-O O-O 5. c4 d6 6. d4 c5
7. d5 Na6 8. Nc3 Nc7 9. a4 b6 10. h3 a6 11. e4 Rb8 12. e5 Nfe8
13. Re1 b5 14. axb5 axb5 15. b3 bxc4 16. bxc4 Ba6 17. Bf1 Bb7
18. Ne4 f6 19. exd6 exd6 20. Ra3 f5 21. Neg5 Nf6 22. Bf4 Qd7
23. Ne6 Rfe8 24. Nxg7 Kxg7 25. Ra7 Rxe1 26. Qxe1 Nce8 27. Qa1
Kg8 28. Ng5 Nh5 29. Bd2 Qc8 30. Qe1 Qd7 31. Bc3 Ra8 32. Rxa8
Bxa8 33. Qa1 Bb7 34. Ne6 Bc8 35. Bg2 Qe7 36. Qa8 Bxe6 37. dxe6
Ng7 38. Bc6 Nxe6 39. Qxe8+ 1-0

[Event "Portuguese Top League"]
[Site "Evora POR"]
[Date "2019.07.19"]
[EventDate "?"]
[Round "7.1"]
[Result "1-0"]
[White "D Gukesh"]
[Black "Pazos Porta, Antonio"]
[WhiteElo "2520"]
[BlackElo "2340"]
[PlyCount "98"]

1. d4 Nf6 2. c4 g6 3. Nc3 Bg7 4. e4 d6 5. h3 O-O 6. Be3 c6 7. Nf3 a6 8. e5 Ne8 9. Bd3 Nd7 10. e6 fxe6 11. h4 Ndf6 12. Ng5 e5 13. dxe5 dxe5 14. h5 e4 15. Ngxe4 Nxe4 16. Nxe4 Nd6 17. hxg6 hxg6 18. c5 Nxe4 19. Qb3+ Rf7 20. Bxe4 Bf5 21. Bxf5 gxf5 22. O-O f4 23. Bxf4 e5 24. Rad1 Qa5 25. Rd7 Rf8 26. Be3 Qb5 27. Qxb5 axb5 28. Rfd1 e4 29. Rxf7 Rxf7 30. b3 Rf5 31. Rd7 Rf7 32. Rxf7 Kxf7 33. Kh2 Ke6 34. Kg3 Kf5 35. Kh4 b4 36. Kh5 Bf8 37. g4+ Kf6 38. Bd4+ Ke6 39. g5 Kf5 40. g6 Kf4 41. g7 Bxg7 42. Bxg7 Kf3 43. Bd4 Ke2 44. Kg4 Kd3 45. Be3 Kc2 46. Kf4 Kb2 47. Kxe4 Kxa2 48. f4 Kxb3 49. f5 1-0